| 000 | 00426nam a2200133Ia 4500 | ||
|---|---|---|---|
| 008 | 200110s9999 xx 000 0 und d | ||
| 020 | _a0-07-072947-6 | ||
| 100 | _aDunphy, Dexter C. | ||
| 245 |
_cDexter C Dunphy & Robert Dick.-- _aOrganizational change by choice / |
||
| 260 |
_a[Singapore] : _bMcGraw-Hill/Irwin _c1989 |
||
| 300 |
_axvi, 316 pages _c22.5 cm. |
||
| 500 | _aInclude index. | ||
| 650 | _a Organizational change. | ||
| 999 |
_c362898 _d362898 |
||